000 00464nam a2200193Ia 4500
003 LK-CoDNM
005 20240823143802.0
008 010623t1948 xxu||||| |||| 00| 1 eng d
040 _aLK-CoDNM
_dLK-CoDNM
_eLK-CoDNM
041 _aeng
080 _a7
_bQ24
100 _aBrown,Hilton
245 _aThe Sahibs
260 _bWilliam Hodge Company
_aLondon
_c1948
300 _bXI, 266P. 8ILL ; 21 cm
650 _aCulture
650 _aLife
942 _cBK
999 _c101287
_d101287